| 000 | 00624nam a2200193 a 4500 | ||
|---|---|---|---|
| 008 | 120416s1979 ||||||||||||||||| || u | ||
| 020 | _a0673151832 | ||
| 050 | _aBF 121 Zim | ||
| 100 | _aZimbardo, Philip G | ||
| 245 | 1 | 0 | _aPsychology and life |
| 250 | _a10th ed. | ||
| 260 |
_aGlenview, Ill. : _bScott, Foresman & Co _c1979 |
||
| 300 | _a767, lxv p. : ill. | ||
| 350 | _a0.00 | ||
| 500 | _aBibliography. | ||
| 650 | 3 | _aPSYCHOLOGY | |
| 700 | _aRuch, Floyd Leon, 1903- | ||
| 995 |
_D0.00 _FCBU-MAIN LIBRARY (Kitwe) _H1 _I35.00 _M1 _UDAMAGED _ZMain Library Open Access Collection |
||
| 999 |
_c55219 _d55219 |
||